| 000 | nam a22 a 4500 | ||
|---|---|---|---|
| 999 |
_c4176 _d4176 |
||
| 005 | 20170525143119.0 | ||
| 008 | 170525b1978 xxu||||| |||| 00| 0 eng d | ||
| 020 |
_a0804709572 (cloth) _a0804709580 (paper) |
||
| 040 | _aAKMAL | ||
| 082 | _a951.01 HUC | ||
| 090 |
_a951.01 _bHUC |
||
| 245 |
_aChina to 1850 _bA Short History / _cCharles O. Hucker |
||
| 260 |
_aStanford, California _bStanford University Press _c1978 |
||
| 300 | _ccm | ||
| 942 |
_2ddc _cBOOK |
||